| 000 | 01252nam a22003377a 4500 | ||
|---|---|---|---|
| 999 |
_c1180 _d1180 |
||
| 001 | 003332 | ||
| 003 | CoMeUDC003332 | ||
| 005 | 20190209181022.0 | ||
| 008 | 130821s1998 ck a gr spa | ||
| 020 | _a9586007065 | ||
| 040 |
_aCo-BoUCM _bspa _cCoMeUDC |
||
| 041 | 0 | 0 | _aspa |
| 082 | 0 | 4 | _a658.4012 |
| 100 | 1 | _aGoodstein, Leonard D. | |
| 245 | 1 | 0 |
_aPlaneación estratégica aplicada una guía completa _cLeonard D. Goodstein, Timothy M. Nolan, J. William Pfeiffer ; traducción de Magaly Bernal Osorio. |
| 260 |
_aBogotá (Colombia) _bMcGraw-Hill _c1998 |
||
| 300 |
_ax, 442 páginas _bilustraciones, gráficas |
||
| 500 | _aEjemplar 2 y 3 Donación Dr. Guillermo Galán | ||
| 500 | _aIncluye índice | ||
| 650 | 0 | 4 |
_aAdministración de empresas _9435 |
| 650 | 0 | 4 |
_aAdministración de personal _98562 |
| 650 | 0 | 4 |
_aCambio organizacional _97360 |
| 650 | 0 | 4 |
_aPlanificación de recursos humanos _921650 |
| 650 | 0 | 4 |
_aPlanificación estratégica _921662 |
| 650 | 0 | 4 |
_aSistemas de información en administración _924623 |
| 700 | 1 |
_aBernal Osorio, Magaly _etrad. |
|
| 700 | 1 | _aNolan, Timothy M. | |
| 700 | 1 | _aPfeiffer, J. William | |
| 765 | 0 | _tApplied strategic planning | |
| 942 |
_cBK _a16 _e1 _mG640p _2ddc _h658.4012 |
||